<?xml version="1.0" encoding="UTF-8"?><?xml-stylesheet type="text/xsl" href="static/style.xsl"?><OAI-PMH xmlns="http://www.openarchives.org/OAI/2.0/" xmlns:xsi="http://www.w3.org/2001/XMLSchema-instance" xsi:schemaLocation="http://www.openarchives.org/OAI/2.0/ http://www.openarchives.org/OAI/2.0/OAI-PMH.xsd"><responseDate>2026-04-18T07:43:49Z</responseDate><request verb="GetRecord" identifier="oai:www.recercat.cat:10459.1/469159" metadataPrefix="marc">https://recercat.cat/oai/request</request><GetRecord><record><header><identifier>oai:recercat.cat:10459.1/469159</identifier><datestamp>2026-03-02T19:15:08Z</datestamp><setSpec>com_2072_3622</setSpec><setSpec>col_2072_479130</setSpec></header><metadata><record xmlns="http://www.loc.gov/MARC21/slim" xmlns:dcterms="http://purl.org/dc/terms/" xmlns:xsi="http://www.w3.org/2001/XMLSchema-instance" xmlns:doc="http://www.lyncode.com/xoai" xsi:schemaLocation="http://www.loc.gov/MARC21/slim http://www.loc.gov/standards/marcxml/schema/MARC21slim.xsd">
   <leader>00925njm 22002777a 4500</leader>
   <datafield ind2=" " ind1=" " tag="042">
      <subfield code="a">dc</subfield>
   </datafield>
   <datafield ind2=" " ind1=" " tag="720">
      <subfield code="a">Abiad, Aida</subfield>
      <subfield code="e">author</subfield>
   </datafield>
   <datafield ind2=" " ind1=" " tag="720">
      <subfield code="a">Dalfó, Cristina</subfield>
      <subfield code="e">author</subfield>
   </datafield>
   <datafield ind2=" " ind1=" " tag="720">
      <subfield code="a">Fiol Mora, Miguel Ángel</subfield>
      <subfield code="e">author</subfield>
   </datafield>
   <datafield ind2=" " ind1=" " tag="260">
      <subfield code="c">2025</subfield>
   </datafield>
   <datafield ind2=" " ind1=" " tag="520">
      <subfield code="a">For a graph G, its k-th graph power Gk is constructed by placing an edge between two vertices if they are within distance k. We consider the problem of deriving upper bounds on the Shannon capacity of graph powers by using spectral graph theory and linear optimization methods. First, we use the so-called ratio-type bound to provide an alternative and spectral proof of a result by Lovasz [ IEEE Trans. Inform. Theory 1979], which states that, for a regular graph, the Hoffman ratio bound on the independence number is also an upper bound on the Lovasz theta number and, hence, also on the Shannon capacity. In fact, we show that Lovasz’ result holds in the more general context of graph powers. Secondly, we derive another bound on the Shannon capacity of graph powers, the so-called rank-type bound, which depends on a new family of polynomials that can be computed by running a simple algorithm. Lastly, we provide several computational xperiments that demonstrate the sharpness of the two proposed algebraic bounds. As a by-product, when these two new algebraic bounds are tight, they can be used to easily derive the exact values of the Lovasz theta number which relies on solving an SDP) and the Shannon capacity (which is not known to be computable) of the corresponding graph power.</subfield>
   </datafield>
   <datafield ind2=" " ind1=" " tag="520">
      <subfield code="a">Abiad is supported by NWO (Dutch Research Council) through the grants VI.Vidi.213.085 and OCENW.KLEIN.475. C. Dalfo and M. A. Fiol are funded by AGAUR from the Catalan Government under project 2021SGR00434 and MICINN from the Spanish Government under project PID2020-115442RB-I00. M. A. Fiol’s research is also supported by a grant from the Universitat Politecnica de Catalunya, reference AGRUPS-2025. The authors thank Luuk Reijnders for his support with Sagemath. The first author thanks Jeroen Zuiddam for inspiring discussions on the topic.</subfield>
   </datafield>
   <datafield tag="653" ind2=" " ind1=" ">
      <subfield code="a">Graph power</subfield>
   </datafield>
   <datafield tag="653" ind2=" " ind1=" ">
      <subfield code="a">Independence number</subfield>
   </datafield>
   <datafield tag="653" ind2=" " ind1=" ">
      <subfield code="a">Lovasz theta number</subfield>
   </datafield>
   <datafield tag="653" ind2=" " ind1=" ">
      <subfield code="a">Shannon capacit</subfield>
   </datafield>
   <datafield ind2="0" ind1="0" tag="245">
      <subfield code="a">The Shannon capacity of graph powers</subfield>
   </datafield>
</record></metadata></record></GetRecord></OAI-PMH>